[Event "GER-chT U14 Girls"]
[Site "Willingen"]
[Date "2021.06.26"]
[Round "5.3"]
[White "Chen, Michelle"]
[Black "Leongardt, Adel"]
[Result "1/2-1/2"]
[WhiteElo "1064"]
[BlackElo "1157"]
[PlyCount "140"]
[EventDate "2021.06.23"]
[EventType "team-swiss"]
[EventRounds "7"]
[EventCountry "GER"]
[SourceTitle "EXT 2022"]
[Source "ChessBase"]
[SourceDate "2021.10.06"]
[SourceVersion "1"]
[SourceVersionDate "2021.10.06"]
[SourceQuality "1"]
[WhiteTeam "Norderstedt"]
[BlackTeam "Oberschoeneweide"]
[WhiteTeamCountry "GER"]
[BlackTeamCountry "GER"]

1. d4 d5 2. c4 Nc6 3. Nc3 dxc4 4. e3 e5 5. d5 Nce7 6. Bxc4 Nf6 7. e4 c6 8. Nf3 Bg4 9. 0-0 Nc8 10. dxc6 Qxd1 11. Rxd1 bxc6 12. Be2 Bxf3 13. Bxf3 Bb4 14. Bg5 Be7 15. Ne2 0-0 16. Rac1 Rd8 17. Rxd8+ Bxd8 18. Rxc6 h6 19. Bxf6 Bxf6 20. Nc3 Ne7 21. Rd6 Rb8 22. b3 Rc8 23. Rd3 Nc6 24. Nd5 Bg5 25. g3 Kh8 26. Rc3 Ne7 27. Rxc8+ Nxc8 28. Bg4 Nb6 29. h4 Nxd5 30. exd5 Bd8 31. Kf1 Kg8 32. Ke2 Kf8 33. Ke3 Ke7 34. h5 a5 35. Ke4 Kd6 36. f4 exf4 37. gxf4 Bf6 38. Bf3 Kc5 39. Kd3 Kb4 40. Kc2 Ka3 41. Kb1 Be7 42. Ka1 Bd6 43. f5 a4 44. bxa4 Kxa4 45. Kb2 Be5+ 46. Kc2 Kb4 47. Be2 Kc5 48. a4 Kxd5 49. Kb3 Bd4 50. a5 Ke5 51. Bd3 Kf4 52. Kc4 Bg1 53. Kd5 Kg5 54. Be2 Kxf5 55. Bd3+ Kg5 56. Be2 f5 57. a6 f4 58. Ke4 Be3 59. Ke5 Kh4 60. Kf5 Kg3 61. Kg6 f3 62. Bxf3 Kxf3 63. Kxg7 Kg4 64. a7 Bxa7 65. Kxh6 Kf5 66. Kh7 Kf6 67. h6 Kf7 68. Kh8 Bb8 69. Kh7 Bf4 70. Kh8 Bxh6 1/2-1/2

[Event "GER-chT Christmas U20 Girls"]
[Site "Playchess.com INT"]
[Date "2020.12.29"]
[Round "4.4"]
[White "Kube, Maja"]
[Black "Leongardt, Adel"]
[Result "0-1"]
[WhiteElo "979"]
[BlackElo "1157"]
[PlyCount "70"]
[EventDate "2020.12.29"]
[EventType "team-swiss (blitz)"]
[EventRounds "7"]
[EventCountry "GER"]
[SourceTitle "CBM 200 Extra"]
[Source "ChessBase"]
[SourceDate "2021.03.31"]
[SourceVersion "1"]
[SourceVersionDate "2021.03.31"]
[SourceQuality "1"]
[WhiteTeam "Papenburg II"]
[BlackTeam "Oberschoeneweide"]
[WhiteTeamCountry "GER"]
[BlackTeamCountry "GER"]

1. e4 c6 2. d4 d5 3. f3 dxe4 4. fxe4 Nf6 5. Nc3 Bg4 6. Be2 Bxe2 7. Qxe2 e6 8. Bf4 c5 9. 0-0-0 cxd4 10. Qb5+ Qd7 11. Rxd4 Qxb5 12. Nxb5 Na6 13. Nd6+ Bxd6 14. Bxd6 Ng4 15. Nh3 Rc8 16. Bf4 0-0 17. Rd3 Nb4 18. Rd2 Nxa2+ 19. Kd1 Nb4 20. c3 Nc6 21. Rf1 e5 22. Bg3 Ne3+ 23. Ke1 Nxf1 24. Kxf1 Rcd8 25. Re2 Rd1+ 26. Be1 Rfd8 27. Kf2 Na5 28. Kg3 Nc4 29. Bf2 R1d3+ 30. Kh4 R8d6 31. Ng5 Rh6+ 32. Kg4 f6 33. Bc5 fxg5 34. Rf2 Rf6 35. Rxf6 gxf6 0-1

[Event "GER-ch U12 Girls"]
[Site "Willingen"]
[Date "2019.06.14"]
[Round "8"]
[White "Leongardt, Adel"]
[Black "Scheiding, Sophia"]
[Result "1-0"]
[WhiteElo "1179"]
[BlackElo "1133"]
[PlyCount "119"]
[EventDate "2019.06.08"]
[EventType "swiss"]
[EventRounds "9"]
[EventCountry "GER"]
[SourceTitle "CBM 191 Extra"]
[Source "ChessBase"]
[SourceDate "2019.09.30"]
[SourceVersion "1"]
[SourceVersionDate "2019.09.30"]
[SourceQuality "1"]

1. e4 e5 2. Nf3 Nc6 3. d4 exd4 4. Nxd4 Qh4 5. Nc3 Bb4 6. Qd3 Ne5 7. Qe3 Nf6 8. Bd3 0-0 9. 0-0 Nfg4 10. Qf4 Ng6 11. Qxc7 d6 12. h3 N4e5 13. Nf5 Bxf5 14. exf5 Nf4 15. Bxf4 Qxf4 16. Nd5 Qd4 17. Nxb4 Qxb4 18. Qe7 Rfe8 19. Qg5 f6 20. Qh5 Qxb2 21. g4 Nf3+ 22. Kg2 Nd2 23. Rfd1 Qc3 24. g5 Qc6+ 25. Kg3 fxg5 26. Rxd2 Rf8 27. Qxg5 g6 28. Kh2 d5 29. fxg6 Qd6+ 30. Kg1 Kh8 31. g7+ Kg8 32. gxf8Q+ Kxf8 33. Bxh7 Kf7 34. Qxd5+ Qxd5 35. Rxd5 Ke6 36. c4 Rc8 37. Re1+ Kf6 38. Rf5+ Kg7 39. Re7+ Kh6 40. Rf6+ Kg5 41. Rf3 Kh6 42. Bd3 Rg8+ 43. Rg3 Rxg3+ 44. fxg3 Kg5 45. Rg7+ Kh6 46. Rh7+ Kg5 47. h4+ Kg4 48. Rg7+ Kf3 49. h5 Ke3 50. Bf1 Kf3 51. h6 b5 52. h7 bxc4 53. Bxc4 Ke3 54. h8Q Kd4 55. Rg4+ Kc5 56. Qe5+ Kb4 57. Qb5+ Kc3 58. Qb3+ Kd2 59. Rd4+ Kc1 60. Rd1# 1-0

[Event "GER-ch U12 Girls"]
[Site "Willingen"]
[Date "2019.06.12"]
[Round "5"]
[White "Leongardt, Adel"]
[Black "Heuberger, Sandra"]
[Result "1-0"]
[WhiteElo "1179"]
[BlackElo "1077"]
[PlyCount "57"]
[EventDate "2019.06.08"]
[EventType "swiss"]
[EventRounds "9"]
[EventCountry "GER"]
[SourceTitle "CBM 191 Extra"]
[Source "ChessBase"]
[SourceDate "2019.09.30"]
[SourceVersion "1"]
[SourceVersionDate "2019.09.30"]
[SourceQuality "1"]

1. e4 e5 2. Nf3 Nc6 3. d4 exd4 4. Nxd4 Nf6 5. Nxc6 bxc6 6. e5 Nd5 7. c4 Nb6 8. c5 Bxc5 9. Qg4 d6 10. Qxg7 Rf8 11. Bh6 Bb4+ 12. Nc3 d5 13. a3 Be7 14. Qxh7 Rb8 15. Bxf8 Bxf8 16. Qg8 Qe7 17. f4 Nd7 18. Be2 Rxb2 19. 0-0 Rb3 20. Nd1 Rxa3 21. Rxa3 Qxa3 22. Bh5 Qe7 23. Re1 Nc5 24. Nf2 Bf5 25. Ra1 a6 26. Ra5 Nb3 27. Rxa6 Qb4 28. Qxf7+ Kd8 29. Qe8# 1-0